Juan gaboto /

Guardado en:
Autor Principal: Ballesteros Gaibrois, Manuel
Formato: Libro
Publicado: Valladolid : Casa-museo De Colon, 1997
Series:Serie Cuadernos Colombinos ; X
Materias:
Etiquetas: Agregar Etiqueta
Sin Etiquetas, Sea el primero en etiquetar este registro!
LEADER 00651nam a22002175a 4500
001 EHU.bham024600
003 AR-BHAM
005 20130507152742.0
008 130507s1997##################000#0#####d
082 9 8 |a 980.01 
100 1 |a Ballesteros Gaibrois, Manuel 
245 1 0 |a Juan gaboto /  |c Manuel Ballesteros Gaibrois 
260 |a Valladolid :  |b Casa-museo De Colon,  |c 1997 
300 |a 286 p. 
490 0 |a Serie Cuadernos Colombinos ; X 
653 |a Descubrimiento de america 
653 |a Viajes 
653 |a Viajes y viajeros 
653 |a Historia de america 
653 |a Biografias 
859 |a AR-BHAM  |b BIB. HUMANIDADES - General  |h 980.01  |i B213  |p 374.02  |t Ej.1